| 000 | 01077nam a22002537a 4500 | ||
|---|---|---|---|
| 003 | OSt | ||
| 005 | 20250716163047.0 | ||
| 008 | 200918s2009 ck ||||gr|||| 00| 0dspa d | ||
| 020 | _a99589616031 | ||
| 040 |
_aCO-JMCR _cCO-JMCR |
||
| 082 | 0 | 4 |
_aA-C _bLUBc _223 |
| 100 | 1 |
_aLubo Gutiérrez, Hilda, _eautora _910524 |
|
| 245 | 1 | 0 |
_aCuentos Renata Guajira : _bTomo 3 / _cHilda Lubo Gutiérrez, Lindys Toro Ibarra, Polaco Rosado Padilla, [otros 8] |
| 250 | _aPrimera edición | ||
| 260 |
_aRioacha (Colombia) : _bMinisterio de Cultura, _c2009. |
||
| 300 |
_a122 páginas ; _c23 cm. |
||
| 500 | _aDatos biográficos de los autores en solapas. | ||
| 505 | 0 | _aEl laberinto de ícaro -- Maestra sustituta -- Sandra -- A paso de morrocoy -- A la espera -- Ante el milagro de la muerte -- El artista -- Franshesca Deberek -- Ojos en el muro -- Yo no tengo la culpa | |
| 650 | 2 | 4 |
_aCuentos colombianos _910525 |
| 650 | 2 | 4 |
_aLiteratura colombiana _910526 |
| 700 | 1 |
_aToro Ibarra, Lindys, _eautora _910527 |
|
| 700 | 1 |
_aRosado Padilla, Polaco, _eautor. _910528 |
|
| 942 |
_2ddc _cBK |
||
| 999 |
_c6864 _d6864 |
||